10 Most Visited African Countries - Statistics

General Stats
  • This quiz has been taken 73 times
  • The average score is 5 of 10
Answers on the Map
Answers color-coded by a green-red scale on the quiz's map according to % correct below.
 
Answer Stats
Rank Country % Correct
1 Morocco
97%
2 Egypt
84%
3 South Africa
79%
4 Tunisia
65%
5 Zimbabwe
46%
8 Kenya
40%
9 Mauritius
25%
7 Uganda
25%
6 Ivory Coast
17%
10 Eswatini
8%
No matching quizzes found
Score Distribution
Percent of People with Each Score
Percentile by Number Answered
Your Score History
You have not taken this quiz